Library Header

Life and openions of Tristram shandy gentleman (Record no. 1077)

MARC details
000 -LEADER
fixed length control field 00313nam a2200097 4500
082 ## - DEWEY DECIMAL CLASSIFICATION NUMBER
Classification number 823.6
Item number STE
100 ## - MAIN ENTRY--PERSONAL NAME
Personal name Sterne, Laurence
245 ## - TITLE STATEMENT
Title Life and openions of Tristram shandy gentleman
Statement of responsibility, etc. by Laurence Sterne ( 1713 - 1768 )
260 ## - PUBLICATION, DISTRIBUTION, ETC.
Place of publication, distribution, etc. London
Name of publisher, distributor, etc. Oxford University Press
Date of publication, distribution, etc. 1951[reprinted 1966]
300 ## - PHYSICAL DESCRIPTION
Extent 591p.;15cm.
Holdings
Withdrawn status Lost status Damaged status Not for loan Collection code Home library Current library Date acquired Total Checkouts Full call number Barcode Date last seen Price effective from Koha item type
        ENGLISH North Eastern Hill University North Eastern Hill University 18/11/2011   823.6 STE A1227 18/11/2011 18/11/2011 Books
        ENGLISH North Eastern Hill University North Eastern Hill University 18/11/2011   823.6 STE A1125(L. 79 ) 18/11/2011 18/11/2011 Books